000 005430000a22001930004500
003 LK-CoMWRAF
005 20231022122854.0
008 230817t ||||| |||| 00| 0 eng d
040 _aLK-CoMWRAF
_dLK-CoMWRAF
_eLK-CoMWRAF
041 _aeng
082 _a297
_bSID
100 _aSiddiqi, Muhammad Iqbal
245 _aIslam :
_bForbids free mixing of men and women
260 _aPakistan (Lahore) :
_bKazi publications,
_c1983
300 _axi, 156 p. ; 22 cm.
650 _aPurdah
650 _aMuslim women--conduct of life
942 _cBK
999 _c1839
_d1839